Pokemon Spiele - Statistiken

Allgemein
  • Dieses Quiz wurde 187 mal gespielt
  • Das Durchschnittsergebnis liegt bei 27 aus 37
Antwortstatistiken
Hint Antwort % Korrekt
Generation 5 Weiße Edition
91%
Generation 5 Schwarze Edition
90%
Generation 3 Rubin-Edition
88%
Generation 1 Blaue Edition
87%
Generation 4 Diamant-Edition
87%
Generation 1 Rote Edition
86%
Generation 3 Saphir-Edition
86%
Generation 1 Gelbe Edition
85%
Generation 8 Schild
82%
Generation 8 Schwert
82%
Generation 3 Feuerrote Edition
79%
Generation 7 Mond
79%
Generation 4 Perl-Edition
79%
Generation 7 Sonne
79%
Generation 3 Blattgrüne Edition
77%
Generation 2 Goldene Edition
77%
Generation 2 Silberne Edition
76%
Generation 3 Smaragd-Edition
75%
Generation 6 X
75%
Generation 6 Y
75%
Generation 9 Purpur
74%
Generation 4 Platin-Edition
73%
Generation 5 Schwarze Edition 2
73%
Generation 5 Weiße Edition 2
73%
Generation 9 Karmesin
70%
Generation 6 Alpha Saphir
69%
Generation 6 Omega Rubin
68%
Generation 4 Silberne Edition SoulSilver
67%
Generation 4 Goldene Edition HeartGold
66%
Generation 7 UltraMond
66%
Generation 7 UltraSonne
66%
Generation 8 Legenden: Arceus
62%
Generation 2 Kristall-Edition
60%
Generation 7 Let´s Go, Evoli!
58%
Generation 7 Let´s Go, Pikachu!
58%
Generation 8 Leuchtende Perle
51%
Generation 8 Strahlender Diamant
49%
Keine übereinstimmenden Quizze gefunden
Verteilung der Resultate
Anzahl Personen mit jedem Resultat
Perzentil nach korrekt beantworteten Fragen
Ihre Resultats-Entwicklung
Sie haben dieses Quiz noch nicht gespielt